[Event "Iranian Men Championship Final 1399"]
[Site "Tehran"]
[Date "2021.04.11"]
[Round "11"]
[Board "5"]
[White "Mosadeghpour, Masoud"]
[Black "Daghli, Arash"]
[Result "1-0"]
[WhiteElo "2498"]
[BlackElo "2431"]
[PlyCount "0"]
[EventDate "2021.04.05"]
[EventRounds "15"]
[EventCountry "IRI"]

1. e4 {[%clk 1:24:55]} c5 {[%clk 1:30:51]} 2. Nf3 {[%clk 1:21:46]} Nc6
{[%clk 1:31:11]} 3. d4 {[%clk 1:20:01]} cxd4 {[%clk 1:31:33]} 4. c3
{[%clk 1:20:23]} dxc3 {[%clk 1:31:53]} 5. Nxc3 {[%clk 1:20:46]} e6
{[%clk 1:32:15]} 6. Bc4 {[%clk 1:21:09]} a6 {[%clk 1:32:38]} 7. O-O
{[%clk 1:21:30]} b5 {[%clk 1:33:00]} 8. Bb3 {[%clk 1:21:56]} Na5 {[%clk 1:33:23]}
9. Bc2 {[%clk 1:22:21]} Bb7 {[%clk 1:33:44]} 10. e5 {[%clk 1:22:46]} Ne7
{[%clk 1:23:23]} 11. a4 {[%clk 1:20:28]} b4 {[%clk 1:22:40]} 12. Ne4
{[%clk 1:20:30]} Ng6 {[%clk 1:12:15]} 13. h4 {[%clk 0:56:03]} Qc7
{[%clk 0:48:28]} 14. Re1 {[%clk 0:22:05]} Rc8 {[%clk 0:43:38]} 15. Bd3
{[%clk 0:19:41]} Nxe5 16. Bf4 {[%clk 0:18:45]} d6 {[%clk 0:40:52]} 17. Rc1
{[%clk 0:13:33]} Qd8 {[%clk 0:27:59]} 18. Rxc8 Nxf3+ {[%clk 0:25:34]} 19. Qxf3
{[%clk 0:12:54]} Qxc8 {[%clk 0:14:38]} 20. Qg3 Bxe4 21. Bxe4 {[%clk 0:08:14]} Qc4
{[%clk 0:09:21]} 22. Bxd6 Qd4 {[%clk 0:07:03]} 23. Bxf8 {[%clk 0:04:59]} Rxf8
{[%clk 0:05:42]} 24. Bf3 {[%clk 0:01:01]} Qc5 {[%clk 0:04:36]} 25. Qxg7
{[%clk 0:00:42]} Nb3 {[%clk 0:04:08]} 26. Qxh7 Nd4 27. Be4 {[%clk 0:00:45]} Ke7
{[%clk 0:04:04]} 28. Qg7 {[%clk 0:00:36]} Qc4 {[%clk 0:00:34]} 29. Kh2
{[%clk 0:00:39]} Ne2 {[%clk 0:01:00]} 30. Qg5+ {[%clk 0:01:00]} f6 31. Qe3 Qc7+
{[%clk 0:00:31]} 32. g3 {[%clk 0:01:19]} f5 33. Bf3  1-0

[Event "Iranian Men Championship Final 1399"]
[Site "Tehran"]
[Date "2021.04.11"]
[Round "11"]
[Board "6"]
[White "Gholami, Aryan"]
[Black "Tabatabaei, M.Amin"]
[Result "1/2-1/2"]
[WhiteElo "2507"]
[BlackElo "2629"]
[PlyCount "0"]
[EventDate "2021.04.05"]
[EventRounds "15"]
[EventCountry "IRI"]

1. Nf3 {[%clk 1:30:44]} d5 {[%clk 1:30:12]} 2. b3 {[%clk 1:30:55]} Bf5
{[%clk 1:29:28]} 3. Bb2 {[%clk 1:31:08]} e6 {[%clk 1:29:42]} 4. g3
{[%clk 1:29:23]} h6 {[%clk 1:29:54]} 5. Bg2 {[%clk 1:29:44]} Nf6 {[%clk 1:30:19]}
6. O-O {[%clk 1:29:26]} Be7 {[%clk 1:30:39]} 7. d3 {[%clk 1:29:21]} O-O
{[%clk 1:30:58]} 8. Nbd2 {[%clk 1:29:42]} a5 {[%clk 1:31:20]} 9. a3
{[%clk 1:28:15]} Bh7 {[%clk 1:31:01]} 10. Ne5 {[%clk 1:26:44]} Nbd7
{[%clk 1:30:38]} 11. Ndf3 {[%clk 1:26:43]} c6 {[%clk 1:28:00]} 12. c4
{[%clk 1:23:42]} Nxe5 {[%clk 1:13:58]} 13. Nxe5 {[%clk 1:23:25]} Bd6
{[%clk 1:14:20]} 14. Qc2 {[%clk 1:19:18]} Qe7 {[%clk 1:13:51]} 15. Rfc1
{[%clk 1:09:42]} Rfd8 {[%clk 1:12:30]} 16. c5 {[%clk 1:07:21]} Bc7
{[%clk 1:12:41]} 17. b4 {[%clk 1:07:45]} d4 {[%clk 1:02:26]} 18. Nc4
{[%clk 1:07:27]} e5 {[%clk 1:02:49]} 19. b5 {[%clk 0:57:47]} e4 {[%clk 0:59:17]}
20. bxc6 {[%clk 0:54:50]} bxc6 {[%clk 0:59:40]} 21. Nd6 {[%clk 0:48:03]} Bxd6
{[%clk 0:57:05]} 22. cxd6 {[%clk 0:48:16]} Rxd6 {[%clk 0:57:31]} 23. a4
{[%clk 0:45:19]} Qe5 {[%clk 0:56:57]} 24. Qc5 {[%clk 0:42:47]} Qxc5
{[%clk 0:44:36]} 25. Rxc5 {[%clk 0:43:13]} Rb8 {[%clk 0:44:27]} 26. Bc1
{[%clk 0:38:14]} Re6 {[%clk 0:38:22]} 27. Bf4 {[%clk 0:36:59]} Rbe8
{[%clk 0:35:33]} 28. Bd2 {[%clk 0:34:09]} exd3 {[%clk 0:35:05]} 29. exd3
{[%clk 0:34:31]} Bxd3 {[%clk 0:35:17]} 30. Bxc6 {[%clk 0:34:33]} Ne4
{[%clk 0:20:19]} 31. Bxe4 {[%clk 0:34:33]} Bxe4 {[%clk 0:20:48]} 32. Bxa5
{[%clk 0:33:38]} d3 {[%clk 0:20:53]} 33. Bd2 {[%clk 0:29:21]} g5 {[%clk 0:20:27]}
34. a5 {[%clk 0:28:49]} g4 {[%clk 0:17:14]} 35. a6 {[%clk 0:27:37]} Bf3
{[%clk 0:17:38]} 36. Rc3 {[%clk 0:27:06]} Rd8 {[%clk 0:17:38]} 37. Rca3
{[%clk 0:25:51]} Re2 {[%clk 0:17:36]} 38. R3a2 {[%clk 0:26:07]} Kh7
{[%clk 0:14:54]} 39. a7 {[%clk 0:26:31]} h5 {[%clk 0:04:12]}  1/2-1/2

[Event "Iranian Men Championship Final 1399"]
[Site "Tehran"]
[Date "2021.04.11"]
[Round "11"]
[Board "7"]
[White "Idani, Pouya"]
[Black "Atakhan, Abtin"]
[Result "1-0"]
[WhiteElo "2588"]
[BlackElo "2294"]
[PlyCount "0"]
[EventDate "2021.04.05"]
[EventRounds "15"]
[EventCountry "IRI"]

1. e4 {[%clk 1:30:58]} c6 {[%clk 1:29:41]} 2. d4 {[%clk 1:31:23]} d5
{[%clk 1:30:03]} 3. e5 {[%clk 1:31:50]} Bf5 {[%clk 1:30:10]} 4. h4
{[%clk 1:32:14]} h5 {[%clk 1:30:25]} 5. Bd3 {[%clk 1:32:40]} Bxd3
{[%clk 1:30:43]} 6. Qxd3 {[%clk 1:33:05]} Qa5+ {[%clk 1:30:58]} 7. Nd2
{[%clk 1:33:29]} Qa6 {[%clk 1:31:04]} 8. e6 {[%clk 1:33:53]} Qxd3
{[%clk 1:31:08]} 9. exf7+ {[%clk 1:34:19]} Kxf7 {[%clk 1:31:33]} 10. cxd3
{[%clk 1:34:46]} Nh6 {[%clk 1:29:25]} 11. Ndf3 {[%clk 1:33:40]} Nd7
{[%clk 1:27:42]} 12. Nh3 {[%clk 1:31:10]} Nf5 {[%clk 1:27:24]} 13. O-O
{[%clk 1:30:32]} g6 {[%clk 1:26:12]} 14. Nhg5+ {[%clk 1:29:04]} Kg8
{[%clk 1:24:05]} 15. Ne6 {[%clk 1:24:00]} Bg7 {[%clk 1:22:52]} 16. Nxg7
{[%clk 1:21:35]} Kxg7 {[%clk 1:23:08]} 17. Bd2 {[%clk 1:21:41]} Rhe8
{[%clk 1:18:17]} 18. Rfe1 {[%clk 1:20:40]} Rad8 {[%clk 1:05:12]} 19. Bc3
{[%clk 1:18:08]} Nf8 {[%clk 1:05:09]} 20. Re2 {[%clk 1:17:52]} Kf6
{[%clk 1:03:48]} 21. g3 {[%clk 1:15:35]} Rd6 {[%clk 1:02:27]} 22. b4
{[%clk 1:15:59]} Rdd8 {[%clk 1:00:28]} 23. a4 {[%clk 1:15:50]} Rc8
{[%clk 0:59:24]} 24. Bd2 {[%clk 1:15:18]} Nd7 {[%clk 0:57:40]} 25. Rae1
{[%clk 1:14:32]} Nf8 {[%clk 0:55:52]} 26. Bf4 {[%clk 1:12:25]} Kf7
{[%clk 0:54:57]} 27. Kg2 {[%clk 1:08:40]} Kg8 {[%clk 0:52:45]} 28. Bg5
{[%clk 1:06:39]} Rc7 {[%clk 0:50:45]} 29. Rc2 {[%clk 1:05:26]} Rcc8
{[%clk 0:48:36]} 30. Kh3 {[%clk 1:04:11]} Nh7 {[%clk 0:47:04]} 31. Bc1
{[%clk 1:04:32]} Rf8 {[%clk 0:45:48]} 32. Bf4 {[%clk 1:01:40]} a6
{[%clk 0:40:16]} 33. Be5 {[%clk 0:56:00]} Nf6 {[%clk 0:35:07]} 34. Ng5
{[%clk 0:51:20]} Ng4 {[%clk 0:32:32]} 35. Ne6 {[%clk 0:51:41]} Nxe5
{[%clk 0:27:14]} 36. dxe5 {[%clk 0:51:16]} Rfe8 {[%clk 0:26:59]} 37. d4
{[%clk 0:50:07]} Kf7 {[%clk 0:24:57]} 38. Ng5+ {[%clk 0:50:31]} Kg8
{[%clk 0:25:24]} 39. Rd2 {[%clk 0:50:50]} a5 {[%clk 0:22:06]} 40. Rb1
{[%clk 0:50:41]} axb4 {[%clk 0:22:24]} 41. Rxb4 {[%clk 0:51:07]} Ra8
{[%clk 0:22:43]} 42. Ne6 {[%clk 0:50:06]} Ra7 {[%clk 0:22:16]} 43. Nc5
{[%clk 0:45:23]} Rea8 {[%clk 0:21:53]} 44. Rd3 {[%clk 0:43:29]} b5
{[%clk 0:18:48]} 45. axb5 {[%clk 0:43:47]} cxb5 {[%clk 0:19:16]} 46. Rxb5
{[%clk 0:43:58]} Ra2 {[%clk 0:19:42]} 47. Kg2 {[%clk 0:41:47]} Re2
{[%clk 0:17:55]} 48. Ne6 {[%clk 0:36:45]} Raa2 {[%clk 0:17:27]} 49. Rf3
{[%clk 0:36:19]} Ne3+ {[%clk 0:15:43]} 50. Kg1 {[%clk 0:36:43]} Re1+
{[%clk 0:15:05]} 51. Kh2 {[%clk 0:37:08]} Ng4+ {[%clk 0:14:56]} 52. Kg2
{[%clk 0:37:34]} Ne3+ {[%clk 0:15:22]} 53. Rxe3 {[%clk 0:38:01]} Rxe3
{[%clk 0:15:48]} 54. Rb8+ {[%clk 0:38:28]} Kf7 {[%clk 0:15:10]} 55. Ng5+
{[%clk 0:38:50]} Kg7 {[%clk 0:15:33]} 56. Re8 {[%clk 0:39:16]} Ree2
{[%clk 0:14:04]} 57. Rxe7+ {[%clk 0:39:34]} Kg8 {[%clk 0:14:01]} 58. Rf7
{[%clk 0:38:36]} Ra6 {[%clk 0:13:07]} 59. Rd7 {[%clk 0:37:38]} Raa2
{[%clk 0:12:52]} 60. Nh3 {[%clk 0:37:57]} Rad2 {[%clk 0:12:26]} 61. Rxd5
{[%clk 0:38:04]} Re4 {[%clk 0:12:42]} 62. Rd8+ {[%clk 0:38:26]} Kg7
{[%clk 0:12:54]} 63. Nf4 {[%clk 0:37:11]} Kh7 {[%clk 0:11:41]} 64. Ne6
{[%clk 0:36:33]} Ree2 {[%clk 0:12:04]} 65. Rf8 {[%clk 0:36:46]}  1-0

[Event "Iranian Men Championship Final 1399"]
[Site "Tehran"]
[Date "2021.04.11"]
[Round "11"]
[Board "8"]
[White "Darini, Pouria"]
[Black "Daneshvar, Bardiya"]
[Result "1/2-1/2"]
[WhiteElo "2432"]
[BlackElo "2401"]
[PlyCount "0"]
[EventDate "2021.04.05"]
[EventRounds "15"]
[EventCountry "IRI"]

1. e4 {[%clk 1:30:57]} c6 {[%clk 1:30:32]} 2. d4 {[%clk 1:31:05]} d5
{[%clk 1:30:56]} 3. e5 {[%clk 1:31:31]} Bf5 {[%clk 1:31:23]} 4. h4
{[%clk 1:31:49]} h5 {[%clk 1:31:43]} 5. c4 {[%clk 1:32:08]} e6 {[%clk 1:31:55]}
6. Nc3 {[%clk 1:32:27]} Ne7 {[%clk 1:31:07]} 7. Nge2 {[%clk 1:32:27]} Nd7
{[%clk 1:31:00]} 8. Ng3 {[%clk 1:32:45]} Bg6 {[%clk 1:31:25]} 9. Bg5
{[%clk 1:33:07]} Qb6 {[%clk 1:31:36]} 10. Rc1 {[%clk 1:33:31]} Qxb2
{[%clk 1:31:46]} 11. Bd3 {[%clk 1:33:44]} dxc4 {[%clk 1:30:53]} 12. Bxg6
{[%clk 1:33:16]} Nxg6 {[%clk 1:30:46]} 13. O-O {[%clk 1:32:33]} Nb6
{[%clk 1:19:02]} 14. Nge4 {[%clk 1:22:03]} Nd5 {[%clk 1:03:50]} 15. Nxd5
{[%clk 0:55:38]} exd5 {[%clk 1:03:47]} 16. Ng3 {[%clk 0:54:09]} Qa3
{[%clk 0:53:24]} 17. Rb1 {[%clk 0:41:44]} b5 {[%clk 0:50:08]} 18. Nxh5
{[%clk 0:42:08]} Ne7 {[%clk 0:39:29]} 19. Qg4 {[%clk 0:30:43]} Qd3
{[%clk 0:35:58]} 20. Bxe7 {[%clk 0:30:32]} Bxe7 {[%clk 0:36:12]} 21. Nxg7+
{[%clk 0:30:13]} Kd8 {[%clk 0:35:46]} 22. Nf5 {[%clk 0:30:15]} Ba3
{[%clk 0:32:18]} 23. Rbe1 {[%clk 0:26:56]} c3 {[%clk 0:29:04]} 24. e6
{[%clk 0:17:30]} c2 {[%clk 0:26:41]} 25. Qf4 {[%clk 0:13:40]} fxe6
{[%clk 0:23:50]} 26. Nd6 {[%clk 0:08:59]} Rh7 {[%clk 0:16:54]} 27. Nf7+
{[%clk 0:03:25]} Kc8 {[%clk 0:16:44]} 28. Ne5 {[%clk 0:01:04]} Qf5
{[%clk 0:14:18]} 29. Qd2 {[%clk 0:01:27]} Rc7 {[%clk 0:13:44]} 30. Qa5
{[%clk 0:00:59]} c1=Q {[%clk 0:13:23]} 31. Rxc1 {[%clk 0:01:26]} Bxc1
{[%clk 0:13:49]} 32. Rxc1 {[%clk 0:01:32]} Kb7 {[%clk 0:10:24]} 33. Nxc6
{[%clk 0:00:46]} Rxc6 {[%clk 0:10:44]}  1/2-1/2

[Event "Iranian Men Championship Final 1399"]
[Site "Tehran"]
[Date "2021.04.11"]
[Round "12"]
[Board "1"]
[White "Hakemi, Arman"]
[Black "Daneshvar, Bardiya"]
[Result "0-1"]
[WhiteElo "2316"]
[BlackElo "2401"]
[PlyCount "0"]
[EventDate "2021.04.05"]
[EventRounds "15"]
[EventCountry "IRI"]

1. d4 {[%clk 1:30:57]} Nf6 {[%clk 1:30:41]} 2. c4 {[%clk 1:31:20]} e6
{[%clk 1:31:03]} 3. Nf3 {[%clk 1:31:44]} c5 {[%clk 1:31:00]} 4. e3
{[%clk 1:30:27]} cxd4 {[%clk 1:29:47]} 5. exd4 {[%clk 1:30:51]} d5
{[%clk 1:30:05]} 6. Bd3 {[%clk 1:31:04]} b6 {[%clk 1:27:37]} 7. O-O
{[%clk 1:30:46]} Be7 {[%clk 1:26:19]} 8. Nc3 {[%clk 1:29:17]} dxc4
{[%clk 1:24:48]} 9. Bxc4 {[%clk 1:29:40]} Bb7 {[%clk 1:25:09]} 10. Qe2
{[%clk 1:24:59]} O-O {[%clk 1:23:13]} 11. Bg5 {[%clk 1:24:42]} h6
{[%clk 1:19:55]} 12. Bh4 {[%clk 1:21:41]} Nc6 {[%clk 1:18:42]} 13. Rad1
{[%clk 1:19:54]} Nb4 {[%clk 1:17:05]} 14. Ne5 {[%clk 1:10:25]} Nbd5
{[%clk 1:15:28]} 15. f4 {[%clk 1:08:01]} Nxc3 {[%clk 1:02:55]} 16. bxc3
{[%clk 1:08:15]} Ne4 {[%clk 1:02:24]} 17. Be1 {[%clk 1:04:52]} Rc8
{[%clk 0:57:37]} 18. f5 {[%clk 0:35:45]} exf5 {[%clk 0:53:50]} 19. Qh5
{[%clk 0:35:53]} Rxc4 {[%clk 0:47:39]} 20. Nxc4 {[%clk 0:36:16]} g6
{[%clk 0:45:06]} 21. Qxh6 {[%clk 0:30:58]} Ba6 {[%clk 0:44:53]} 22. Ne5
{[%clk 0:30:44]} Bg5 {[%clk 0:45:19]} 23. Qh3 {[%clk 0:31:07]} Bxf1
{[%clk 0:45:16]} 24. Kxf1 {[%clk 0:31:31]} Re8 {[%clk 0:40:15]} 25. Qd3
{[%clk 0:23:52]} Bf4 {[%clk 0:37:09]} 26. Nf3 {[%clk 0:23:53]} Qc7
{[%clk 0:36:29]} 27. g3 {[%clk 0:23:14]} Bd6 {[%clk 0:36:37]} 28. c4
{[%clk 0:21:40]} f4 {[%clk 0:34:46]} 29. gxf4 {[%clk 0:20:37]} Bxf4
{[%clk 0:35:00]} 30. Ne5 {[%clk 0:15:33]} Bxe5 {[%clk 0:32:53]} 31. Qxe4
{[%clk 0:15:45]} Qxc4+ {[%clk 0:33:18]} 32. Kg2 {[%clk 0:16:03]} Qa4
{[%clk 0:33:27]} 33. Qg4 {[%clk 0:11:25]} Qxa2+ {[%clk 0:33:09]} 34. Rd2
{[%clk 0:11:30]} Qd5+ {[%clk 0:33:29]} 35. Kh3 {[%clk 0:11:36]} Bxh2
{[%clk 0:32:50]} 36. Re2 {[%clk 0:09:13]} Rxe2 {[%clk 0:32:46]} 37. Qxe2
{[%clk 0:09:36]} Bd6 {[%clk 0:33:08]}  0-1

[Event "Iranian Men Championship Final 1399"]
[Site "Tehran"]
[Date "2021.04.11"]
[Round "12"]
[Board "2"]
[White "Atakhan, Abtin"]
[Black "Darini, Pouria"]
[Result "0-1"]
[WhiteElo "2294"]
[BlackElo "2432"]
[PlyCount "0"]
[EventDate "2021.04.05"]
[EventRounds "15"]
[EventCountry "IRI"]

1. d4 {[%clk 1:24:40]} Nf6 {[%clk 1:30:51]} 2. c4 {[%clk 1:24:43]} g6
{[%clk 1:31:15]} 3. h4 {[%clk 1:24:48]} Bg7 {[%clk 1:30:57]} 4. Nc3
{[%clk 1:24:41]} d6 {[%clk 1:28:12]} 5. e4 {[%clk 1:24:40]} Nc6 {[%clk 1:26:42]}
6. d5 {[%clk 1:21:13]} Ne5 {[%clk 1:27:09]} 7. Be2 {[%clk 1:20:32]} c6
{[%clk 1:20:40]} 8. Nh3 {[%clk 1:14:48]} Bxh3 {[%clk 1:15:43]} 9. Rxh3
{[%clk 1:13:25]} h5 {[%clk 1:16:11]} 10. Kf1 {[%clk 1:10:18]} Rc8
{[%clk 1:13:00]} 11. Qb3 {[%clk 1:06:08]} Qc7 {[%clk 1:04:44]} 12. Bf4
{[%clk 1:01:38]} O-O {[%clk 1:00:31]} 13. g3 {[%clk 0:57:06]} cxd5
{[%clk 0:51:44]} 14. cxd5 {[%clk 0:57:29]} Nc4 {[%clk 0:52:02]} 15. Rc1
{[%clk 0:55:25]} a6 {[%clk 0:38:58]} 16. Kg2 {[%clk 0:48:27]} b5 {[%clk 0:26:38]}
17. a4 {[%clk 0:44:43]} Qc5 {[%clk 0:24:16]} 18. axb5 {[%clk 0:38:08]} axb5
{[%clk 0:24:46]} 19. Rhh1 {[%clk 0:32:38]} Rb8 {[%clk 0:25:15]} 20. Rhd1
{[%clk 0:31:37]} Rfc8 {[%clk 0:24:28]} 21. Na2 {[%clk 0:23:53]} Nxe4
{[%clk 0:17:25]} 22. Qf3 {[%clk 0:24:15]} f5 {[%clk 0:16:50]} 23. b3
{[%clk 0:23:31]} Qa3 {[%clk 0:14:57]} 24. bxc4 {[%clk 0:23:08]} Qxa2
{[%clk 0:15:26]} 25. cxb5 {[%clk 0:23:27]} Rxc1 {[%clk 0:12:25]} 26. Rxc1
{[%clk 0:23:55]} Bd4 {[%clk 0:12:49]} 27. Rc7 {[%clk 0:19:36]} Nxf2
{[%clk 0:10:49]} 28. Rxe7 {[%clk 0:19:18]} Qb1 {[%clk 0:10:42]} 29. Be3
{[%clk 0:18:27]} Bf6 {[%clk 0:08:14]} 30. Re6 {[%clk 0:15:00]} Ne4
{[%clk 0:08:42]} 31. Bg5 {[%clk 0:13:12]} Rf8 {[%clk 0:05:31]} 32. Bf4
{[%clk 0:07:32]} Rc8 {[%clk 0:01:49]} 33. Qd3 {[%clk 0:02:45]} Rc2
{[%clk 0:00:41]} 34. Re8+ {[%clk 0:01:22]} Kf7 {[%clk 0:00:53]} 35. Rxe4
{[%clk 0:00:32]} fxe4 {[%clk 0:00:43]} 36. Qxe4 {[%clk 0:00:57]} Qb2
{[%clk 0:00:33]} 37. Qe6+ {[%clk 0:00:40]} Kg7 {[%clk 0:01:00]} 38. Kf3
{[%clk 0:00:48]} Qc3+ {[%clk 0:00:42]} 39. Be3 {[%clk 0:00:40]} Qe5
{[%clk 0:00:33]} 40. Qxe5 {[%clk 0:00:57]} Bxe5 {[%clk 0:01:02]} 41. b6
{[%clk 0:00:56]} Rb2 {[%clk 0:00:32]} 42. Ba6 {[%clk 0:01:09]} Rb3
{[%clk 0:00:58]} 43. Ke4 {[%clk 0:01:25]} Bf6 {[%clk 0:00:32]} 44. Bc8
{[%clk 0:00:44]} Bd8 {[%clk 0:00:37]} 45. b7 {[%clk 0:01:09]} Bc7
{[%clk 0:00:36]} 46. Bf4 {[%clk 0:01:19]} Kf7 {[%clk 0:00:35]} 47. Kd4
{[%clk 0:01:21]} Ke8 {[%clk 0:00:38]} 48. Ke4 {[%clk 0:00:57]} Rb4+
{[%clk 0:00:56]} 49. Kf3 {[%clk 0:01:17]} Rb3+ {[%clk 0:01:03]} 50. Ke4
{[%clk 0:01:41]} Rb4+ {[%clk 0:01:31]} 51. Kd3 {[%clk 0:02:03]} Bb8
{[%clk 0:01:34]} 52. Kc3 {[%clk 0:01:44]} Rb5 {[%clk 0:01:51]} 53. Kc4
{[%clk 0:02:05]} Rc5+ {[%clk 0:01:59]} 54. Kd4 {[%clk 0:02:23]} Rb5
{[%clk 0:01:18]} 55. Kc4 {[%clk 0:02:29]} Rb1 {[%clk 0:01:45]} 56. Kd4
{[%clk 0:02:34]} Kd8 {[%clk 0:01:52]} 57. Ke4 {[%clk 0:02:19]} Rb4+
{[%clk 0:01:29]} 58. Kd3 {[%clk 0:02:19]} Kc7 {[%clk 0:01:01]} 59. Bd2
{[%clk 0:00:33]} Rb5 {[%clk 0:00:31]} 60. Ke4 {[%clk 0:00:35]} Ba7
{[%clk 0:01:00]} 61. Bf4 {[%clk 0:00:36]} Rb4+ {[%clk 0:01:10]} 62. Kf3
{[%clk 0:00:58]} Rb3+ {[%clk 0:01:28]} 63. Kg2 {[%clk 0:00:59]} Rb2+
{[%clk 0:00:40]} 64. Kf3 {[%clk 0:01:18]} Rb3+ {[%clk 0:00:50]} 65. Kg2
{[%clk 0:01:42]} Be3 {[%clk 0:01:01]} 66. Bg5 {[%clk 0:00:31]} Bxg5
{[%clk 0:01:08]} 67. hxg5 {[%clk 0:01:00]} Rxb7 {[%clk 0:00:55]} 68. Be6
{[%clk 0:01:03]} Kb6 {[%clk 0:01:10]} 69. Kh3 {[%clk 0:01:09]} Kc5
{[%clk 0:01:19]} 70. g4 {[%clk 0:01:31]} Rb3+ {[%clk 0:01:21]} 71. Kh4
{[%clk 0:01:53]} Rb4 {[%clk 0:01:42]}  0-1

[Event "Iranian Men Championship Final 1399"]
[Site "Tehran"]
[Date "2021.04.11"]
[Round "12"]
[Board "3"]
[White "Tabatabaei, M.Amin"]
[Black "Idani, Pouya"]
[Result "0-1"]
[WhiteElo "2629"]
[BlackElo "2588"]
[PlyCount "0"]
[EventDate "2021.04.05"]
[EventRounds "15"]
[EventCountry "IRI"]

1. d4 {[%clk 1:28:02]} Nf6 {[%clk 1:30:54]} 2. Nf3 {[%clk 1:28:26]} d5
{[%clk 1:31:21]} 3. e3 {[%clk 1:28:48]} c5 {[%clk 1:31:33]} 4. Nbd2
{[%clk 1:29:07]} cxd4 {[%clk 1:31:40]} 5. exd4 {[%clk 1:29:30]} Nc6
{[%clk 1:31:49]} 6. Bb5 {[%clk 1:29:50]} Bd7 {[%clk 1:30:00]} 7. c3
{[%clk 1:29:01]} a6 {[%clk 1:28:51]} 8. Bd3 {[%clk 1:29:23]} g6 {[%clk 1:27:39]}
9. O-O {[%clk 1:29:39]} Bf5 {[%clk 1:28:05]} 10. Bxf5 {[%clk 1:18:56]} gxf5
{[%clk 1:28:29]} 11. Ne5 {[%clk 1:19:18]} e6 {[%clk 1:25:49]} 12. Ndf3
{[%clk 1:18:59]} Nxe5 {[%clk 1:25:24]} 13. Nxe5 {[%clk 1:19:03]} Nd7
{[%clk 1:25:32]} 14. Nd3 {[%clk 1:18:22]} Bd6 {[%clk 1:25:22]} 15. Bf4
{[%clk 0:56:02]} Bxf4 {[%clk 1:22:48]} 16. Nxf4 {[%clk 0:56:23]} O-O
{[%clk 1:22:12]} 17. Qe2 {[%clk 0:45:18]} Kh8 {[%clk 1:21:44]} 18. g3
{[%clk 0:43:27]} Rg8 {[%clk 1:21:23]} 19. Rac1 {[%clk 0:43:39]} Rc8
{[%clk 1:21:34]} 20. c4 {[%clk 0:42:42]} Rxc4 {[%clk 1:19:49]} 21. Rxc4
{[%clk 0:42:54]} dxc4 {[%clk 1:20:15]} 22. Qxc4 {[%clk 0:43:10]} Qb8
{[%clk 1:18:57]} 23. d5 {[%clk 0:37:36]} e5 {[%clk 1:16:46]} 24. Ne2
{[%clk 0:37:57]} Nf6 {[%clk 1:12:52]} 25. Rd1 {[%clk 0:31:17]} Qd6
{[%clk 1:12:04]} 26. Qd3 {[%clk 0:29:58]} f4 {[%clk 1:10:31]} 27. Nc3
{[%clk 0:29:34]} Ng4 {[%clk 1:09:12]} 28. Qf3 {[%clk 0:11:32]} f5
{[%clk 1:07:32]} 29. Ne2 {[%clk 0:10:30]} Qh6 {[%clk 1:05:33]} 30. d6
{[%clk 0:10:59]} Nxh2 {[%clk 1:00:25]} 31. Qc3 {[%clk 0:06:15]} Ng4
{[%clk 0:59:03]} 32. Qf3 {[%clk 0:06:27]} fxg3 {[%clk 0:47:30]} 33. Nxg3
{[%clk 0:06:24]} f4 {[%clk 0:47:15]} 34. d7 {[%clk 0:06:19]} fxg3
{[%clk 0:45:45]} 35. d8=Q {[%clk 0:06:47]} gxf2+ {[%clk 0:46:01]} 36. Kg2
{[%clk 0:07:09]} f1=Q+ {[%clk 0:46:04]}  0-1

[Event "Iranian Men Championship Final 1399"]
[Site "Tehran"]
[Date "2021.04.11"]
[Round "12"]
[Board "4"]
[White "Daghli, Arash"]
[Black "Gholami, Aryan"]
[Result "1-0"]
[WhiteElo "2431"]
[BlackElo "2507"]
[PlyCount "0"]
[EventDate "2021.04.05"]
[EventRounds "15"]
[EventCountry "IRI"]

1. e4 {[%clk 1:30:33]} c5 {[%clk 1:30:31]} 2. Nf3 {[%clk 1:30:02]} e6
{[%clk 1:29:56]} 3. d3 {[%clk 1:29:01]} Nc6 {[%clk 1:29:52]} 4. g3
{[%clk 1:29:21]} d5 {[%clk 1:17:48]} 5. Nbd2 {[%clk 1:29:30]} Nf6
{[%clk 1:18:03]} 6. Bg2 {[%clk 1:29:53]} Be7 {[%clk 1:18:23]} 7. O-O
{[%clk 1:30:14]} Qc7 {[%clk 1:17:58]} 8. Re1 {[%clk 1:30:31]} b6 {[%clk 1:17:56]}
9. e5 {[%clk 1:26:41]} Nd7 {[%clk 1:18:18]} 10. c4 {[%clk 1:27:06]} Nb4
{[%clk 0:55:32]} 11. cxd5 {[%clk 1:15:02]} Nxd5 {[%clk 0:53:49]} 12. Nc4
{[%clk 1:15:31]} h6 {[%clk 0:53:55]} 13. Nfd2 {[%clk 1:13:50]} Bb7
{[%clk 0:49:26]} 14. Ne4 {[%clk 0:47:55]} O-O {[%clk 0:49:28]} 15. Qh5
{[%clk 0:47:41]} Rfd8 {[%clk 0:44:10]} 16. Ned6 {[%clk 0:44:16]} Bxd6
{[%clk 0:43:50]} 17. Nxd6 {[%clk 0:44:38]} Nf8 {[%clk 0:43:19]} 18. f4
{[%clk 0:41:42]} Bc6 {[%clk 0:38:28]} 19. f5 {[%clk 0:40:14]} Rxd6
{[%clk 0:34:45]} 20. exd6 {[%clk 0:40:33]} Qxd6 {[%clk 0:35:10]} 21. fxe6
{[%clk 0:33:52]} Nxe6 {[%clk 0:35:22]} 22. Rf1 {[%clk 0:33:56]} Rf8
{[%clk 0:27:36]} 23. Bd2 {[%clk 0:34:24]} Ne7 {[%clk 0:26:59]} 24. Qe2
{[%clk 0:28:27]} Bxg2 {[%clk 0:25:15]} 25. Kxg2 {[%clk 0:28:51]} Nd4
{[%clk 0:24:16]} 26. Qh5 {[%clk 0:22:13]} Nc2 {[%clk 0:18:01]} 27. Rad1
{[%clk 0:20:19]} Nd5 {[%clk 0:18:25]} 28. Qf3 {[%clk 0:15:29]} Nd4
{[%clk 0:18:00]} 29. Qf2 {[%clk 0:15:39]} Nf6 {[%clk 0:16:17]} 30. h3
{[%clk 0:12:55]} Qd5+ {[%clk 0:13:35]} 31. Kh2 {[%clk 0:10:58]} Qh5
{[%clk 0:12:44]} 32. Kg2 {[%clk 0:11:02]} Qd5+ {[%clk 0:08:23]} 33. Kh2
{[%clk 0:11:31]} Qxa2 {[%clk 0:07:53]} 34. Bxh6 {[%clk 0:11:08]} Nd5
{[%clk 0:08:06]} 35. Ra1 {[%clk 0:09:35]} Qb3 {[%clk 0:08:26]} 36. Rxa7
{[%clk 0:08:59]} Nb4 {[%clk 0:07:19]} 37. Ra3 {[%clk 0:06:05]} Qd5
{[%clk 0:07:35]} 38. Bxg7 {[%clk 0:04:51]} Kxg7 {[%clk 0:07:29]} 39. Qf6+
{[%clk 0:05:20]} Kg8 {[%clk 0:07:44]} 40. Rf4 {[%clk 0:05:38]} Re8
{[%clk 0:07:36]} 41. Rg4+ {[%clk 0:05:54]} Kf8 {[%clk 0:08:00]} 42. Qh8+
{[%clk 0:06:05]} Ke7 {[%clk 0:08:19]} 43. Ra7+ {[%clk 0:06:29]} Kd6
{[%clk 0:07:55]} 44. Qxe8 {[%clk 0:06:49]} Nf3+ {[%clk 0:08:20]} 45. Kh1
{[%clk 0:07:15]} Nd2+ {[%clk 0:08:35]} 46. Re4 {[%clk 0:07:26]} Qf5
{[%clk 0:08:55]} 47. Qd8+ {[%clk 0:05:14]} Kc6 {[%clk 0:09:19]} 48. Qc7+
{[%clk 0:05:11]} Kb5 {[%clk 0:09:43]} 49. Qd7+ {[%clk 0:05:36]} Qxd7
{[%clk 0:10:08]} 50. Rxd7 {[%clk 0:06:05]} Nxd3 {[%clk 0:09:38]} 51. Re2
{[%clk 0:06:19]}  1-0